000
00284nam a2200133Ia 4500
100
_a
Jackson /E
942
_c
BK
654
_a
engig. drawing
245
_a
Geometrical & engig. drawing
260
_b
Longman
_a
London
_c
1974
082
_a
604.24
300
_a
192
546
_a
ENGLISH
999
_c
18980
_d
18980